000 00204nam a22000857a 4500
001 1254109
005 20251104152301.0
245 _aYEDİLERİN GİZEMİ
_cAGATHA CHRISTIE
260 _bALTIN KİTAPLAR YAYINLARI
999 _c1254109
_d1254109